000 01015nam a2200277 a 4500
003 DO-SdBNP
005 20221107130023.0
007 ta
008 221107b2019 dr ao||gr|||| 001 e spa d
040 _aDO-SdBNP
_bspa
_cBNPHU
082 4 _222
_bO69L
245 1 0 _aEl origen lejano de una historia cercana :
_binicio y evolución del grupo Ramos. /
_cRedacción, Vivian Jiménez; Fotografía, Archivos de Román Ramos
260 _aSanto Domingo :
_bGrupo Ramos,
_c2019
300 _a225 p. :
_bil., fotogr.
_c26 cm.
500 _aIncluye bibliografía y notas al pié de páginas.
500 _aIncluye epílogo.
590 _aInventariado 2022 / MF
650 4 _aGrupo Ramos
_vHistoria
_zRepública Dominicana
_982740
650 4 _965544
_aCrecimeinto Empresarial
_zRepública Dominicana
650 4 _980284
_aEmpresarios
_xRepública Dominicana
700 1 _912398
_aJiménez, Vivian
_ered.
700 1 _aRamos, Román,
_efotogr.
_982739
710 2 _982059
_aGrupo Ramos
910 _aMFeliz
942 _2ddc
_cLBS1
999 _c52816
_d52816